000 01546nam a2200349Ia 4500
001 CRC0KE15324PDF
003 BD-DhSAU
005 20151012144307.0
006 m|||||o||d||||||||
007 cr||||
008 121017s2013 fluad sb 001 0 eng d
020 _a9781439894941 (ebook : PDF)
040 _aBD-DhSAU
_cBD-DhSAU
090 _aR856.6
_b.F75 2013
092 _a681.761
_bF912
100 1 _aFries, Richard C.
245 1 0 _aReliable design of medical devices
_h[electronic resource] /
_cRichard C. Fries.
250 _a3rd ed.
260 _aBoca Raton :
_bCRC Press,
_c2013.
300 _a501 p. :
_bill.
504 _aIncludes bibliographical references and index.
505 0 _apt. 1. The basics of reliability -- pt. 2. The concept phase -- pt. 3. The feasibility phase -- pt. 4. The design phase -- pt. 5. Verification and validation -- pt. 6. Design transfer and manufacturing -- pt. 7. Field activity.
530 _aAlso available in print edition.
538 _aMode of access: World Wide Web.
650 0 _aMedical instruments and apparatus
_xReliability.
650 0 _aMedical instruments and apparatus
_xDesign and construction.
650 0 _aMedical instruments and apparatus
_xQuality control.
650 0 _aMedical instruments and apparatus
_xStandards.
655 7 _aElectronic books.
_2lcsh
776 1 _z9781439894910 (hardback : alk. paper)
856 4 0 _uhttp://marc.crcnetbase.com/isbn/9781439894941
_qapplication/PDF
999 _c11909
_d11908